PSG 100 Top Goal Scorers All Time - Statistics

General Stats
  • This quiz has been taken 60 times
  • The average score is 20 of 100
Answer Stats
Answer % Correct
Kylian Mbappé
100%
Cavani
94%
Dembele
83%
Neymar
83%
Messi
81%
Zlatan
74%
Di María
70%
Vitinha
66%
Doue
64%
Hakimi
62%
Ramos
62%
Ronaldinho
62%
Marquinhos
60%
Nuno Mendes
60%
Barcola
57%
Pauleta
53%
Fabián Ruiz
51%
João Neves
51%
Thiago Silva
51%
Icardi
49%
Lavezzi
43%
Pastore
43%
Matuidi
42%
Draxler
40%
Kvaratskhelia
36%
Moura
30%
Maxwell
28%
Rabiot
28%
Weah
28%
Nenê
26%
Hoarau
25%
Raí
25%
Ginola
23%
Ménez
23%
Sarabia
21%
Anelka
17%
Gameiro
17%
Kurzawa
15%
Mayulu
15%
Rocheteau
13%
Sušić
13%
Thiago Motta
11%
Bodmer
9%
Dahleb
9%
M'Pele
9%
Djorkaeff
8%
Giuly
8%
Jay Jay Okocha
8%
Kang-in Lee
8%
Luyindula
8%
Moise Kean
8%
Bianchi
6%
Loko
4%
Sessègnon
4%
Valdo
4%
Aloísio
2%
Amara Diané
2%
Daniel Bravo
2%
Florian Maurice
2%
Laurent Leroy
2%
Laurent Robert
2%
Luis Fernández
2%
Marco Simone
2%
Mevlüt Erdinç
2%
Pancrate
2%
Paul Le Guen
2%
Pérez
2%
Pilorget
2%
Ricardo Gomes
2%
Simba
2%
Sylvain Armand
2%
Thomas Meunier
2%
Vincent Guérin
2%
Bathenay
0%
Beltramini
0%
Bras
0%
Calderón
0%
Charbonnier
0%
Christian
0%
Eric Renaut
0%
Fiorése
0%
Jérôme Leroy
0%
Jérôme Rothen
0%
Julio Dely Valdés
0%
Kalou
0%
Kees Kist
0%
Laurent Fournier
0%
Madar
0%
Nambatingue
0%
N'Gom
0%
Oumar Sène
0%
Pascal Nouma
0%
Philippe Jeannol
0%
Piasecki
0%
Reinaldo Oliveira
0%
Sarr
0%
Tokoto
0%
Vujović
0%
Xuereb
0%
Zaremba
0%
No matching quizzes found
Score Distribution
Percent of People with Each Score
Percentile by Number Answered
Your Score History
You have not taken this quiz